Deutsches Institut für Wirtschaftsforschung Vierteljahrsheft
Gespeichert in:
| Format: | Schriftenreihe |
|---|---|
| Sprache: | Deutsch |
| Veröffentlicht: |
Berlin
Duncker und Humbolt
1989
|
| Tags: |
Keine Tags, Fügen Sie das erste Tag hinzu!
|
MARC
| LEADER | 00000nas2a2200000 4500 | ||
|---|---|---|---|
| 001 | s035331 | ||
| 005 | 20250730114146.2 | ||
| 041 | 0 | |a ger | |
| 044 | |a DE | ||
| 245 | 1 | 0 | |a Deutsches Institut für Wirtschaftsforschung |b Vierteljahrsheft |
| 264 | 1 | |a Berlin |b Duncker und Humbolt |c 1989 | |
| 300 | |a 1 zv. | ||
| 773 | 0 | |w eu_un_cat*s120118 | |